Recent Developments on Debris Flows

The book gives a general overview of recent approaches to debris flows. Problems of both occurrences and dynamics of debris flow are treated, taking into account new results from theoretical and experimental research and field observations. Finally, the functioning of the main control devices are re...

Full description

Bibliographic Details
Corporate Author: SpringerLink (Online service)
Other Authors: Armanini, Aronne (Editor, http://id.loc.gov/vocabulary/relators/edt), Michiue, Masanori (Editor, http://id.loc.gov/vocabulary/relators/edt)
Format: Electronic eBook
Language:English
Published: Berlin, Heidelberg : Springer Berlin Heidelberg : Imprint: Springer, 1997.
Edition:1st ed. 1997.
Series:Lecture Notes in Earth Sciences, 64
Subjects:
Online Access:Full Text via HEAL-Link
LEADER 02952nam a2200517 4500
001 978-3-540-49729-5
003 DE-He213
005 20191027192345.0
007 cr nn 008mamaa
008 100730s1997 gw | s |||| 0|eng d
020 |a 9783540497295  |9 978-3-540-49729-5 
024 7 |a 10.1007/BFb0117757  |2 doi 
040 |d GrThAP 
050 4 |a QE471-471.15 
072 7 |a RBGB  |2 bicssc 
072 7 |a SCI091000  |2 bisacsh 
072 7 |a RBGB  |2 thema 
082 0 4 |a 551.3  |2 23 
245 1 0 |a Recent Developments on Debris Flows  |h [electronic resource] /  |c edited by Aronne Armanini, Masanori Michiue. 
250 |a 1st ed. 1997. 
264 1 |a Berlin, Heidelberg :  |b Springer Berlin Heidelberg :  |b Imprint: Springer,  |c 1997. 
300 |a X, 226 p.  |b online resource. 
336 |a text  |b txt  |2 rdacontent 
337 |a computer  |b c  |2 rdamedia 
338 |a online resource  |b cr  |2 rdacarrier 
347 |a text file  |b PDF  |2 rda 
490 1 |a Lecture Notes in Earth Sciences,  |x 0930-0317 ;  |v 64 
505 0 |a Prediction of debris flow for warning and evacuation -- Large and small debris flows-Occurrence and behaviour -- Field survey for debris flow in volcanic area -- A comparison between gravity flows of dry sand and sand-water mixtures -- Review dynamic modeling of debris flows -- Dynamics of the inertial and viscous debris flows -- Selected notes on debris flow dynamics -- Development of new methods for countermeasures against debris flows -- Torrent check dams as a control measure for debris flows -- On the dynamic impact of debris flows. 
520 |a The book gives a general overview of recent approaches to debris flows. Problems of both occurrences and dynamics of debris flow are treated, taking into account new results from theoretical and experimental research and field observations. Finally, the functioning of the main control devices are reconsidered in the light of the state of the art. 
650 0 |a Sedimentology. 
650 0 |a Fluids. 
650 0 |a Geotechnical engineering. 
650 1 4 |a Sedimentology.  |0 http://scigraph.springernature.com/things/product-market-codes/G17080 
650 2 4 |a Fluid- and Aerodynamics.  |0 http://scigraph.springernature.com/things/product-market-codes/P21026 
650 2 4 |a Geotechnical Engineering & Applied Earth Sciences.  |0 http://scigraph.springernature.com/things/product-market-codes/G37010 
700 1 |a Armanini, Aronne.  |e editor.  |4 edt  |4 http://id.loc.gov/vocabulary/relators/edt 
700 1 |a Michiue, Masanori.  |e editor.  |4 edt  |4 http://id.loc.gov/vocabulary/relators/edt 
710 2 |a SpringerLink (Online service) 
773 0 |t Springer eBooks 
776 0 8 |i Printed edition:  |z 9783540624660 
776 0 8 |i Printed edition:  |z 9783662198858 
830 0 |a Lecture Notes in Earth Sciences,  |x 0930-0317 ;  |v 64 
856 4 0 |u https://doi.org/10.1007/BFb0117757  |z Full Text via HEAL-Link 
912 |a ZDB-2-EES 
912 |a ZDB-2-BAE 
950 |a Earth and Environmental Science (Springer-11646)